Вторжение в клетку (Радиация и селекция растений)

Détails bibliographiques
Auteur principal: Тарасенко Н. Д. Николай Дмитриевич
Langue:russe
Publié: Москва, Атомиздат, 1968
Édition:2-е изд., доп. и перераб.
Sujets:
Format: Livre
KOHA link:https://koha.lib.tpu.ru/cgi-bin/koha/opac-detail.pl?biblionumber=288947

MARC

LEADER 00000nam0a2200000 4500
001 288947
005 20231102000136.0
035 |a (RuTPU)RU\TPU\book\313452 
090 |a 288947 
100 |a 20150330d1968 k y0rusy50 ca 
101 0 |a rus 
102 |a RU 
105 |a a z 001zy 
200 1 |a Вторжение в клетку (Радиация и селекция растений)  |f Н. Д. Тарасенко 
205 |a 2-е изд., доп. и перераб. 
210 |a Москва  |c Атомиздат  |d 1968 
215 |a 62 с.  |c ил. 
320 |a Библиогр.: с. 61. 
606 1 |a Радиобиология  |2 stltpush  |3 (RuTPU)RU\TPU\subj\70460  |9 84720 
610 1 |a растения 
610 1 |a селекция 
610 1 |a радиация 
610 1 |a генетика 
610 1 |a радиационная селекция 
675 |a 577.346  |v 3 
700 1 |a Тарасенко  |b Н. Д.  |g Николай Дмитриевич 
801 1 |a RU  |b 63413507  |c 20150330 
801 2 |a RU  |b 63413507  |c 20150407  |g RCR 
942 |c BK